Statistics for Bonnie & Clyde The Musical - Songs

Click here to take the quiz!

General Stats

  • This quiz has been taken 16 times
  • The average score is 11 of 22

Answer Stats

CharactersAnswer% Correct
Young Bonnie, Young Clyde, Bonnie, ClydePicture Show
85%
ClydeRaise A Little Hell
85%
Clyde, BuckWhen I Drive
85%
Preacher, EnsembleMade In America
77%
Clyde, BonnieThis World Will Remember Me
77%
BonnieHow 'Bout A Dance?
69%
Bonnie, BlancheYou Love Who You Love
69%
Preacher, Blanche, Congregation,God's Arms Are Always Open
62%
Clyde, BonnieThis World Will Remember Us
62%
ClydeBonnie
54%
BonnieDyin' Ain't So Bad
54%
Clyde, Buck, TedRaise A Little Hell (Reprise)
46%
BlancheThat's What You Call A Dream
46%
Bonnie, ClydeToo Late To Turn Back Now
38%
Ted, ClydeYou Can Do Better Than Him
38%
Bonnie, ClydeDyin' Ain't So Bad (Reprise)
31%
BonnieHow 'Bout A Dance? (Reprise)
31%
Blanche, Buck, Salon WomenYou're Goin' Back To Jail
31%
Blanche, PreacherGod's Arms Are Always Open (Reprise)
23%
Clyde, BonnieWhat Was Good Enough For You
23%
Young Bonnie, Young ClydePicture Show (Reprise)
15%
TedYou Can Do Better Than Him (Reprise)
15%

Score Distribution

Percentile by Number Answered

Percent of People with Each Score

Your Score History

You have not taken this quiz